| 000 | 00780nam a2200193 a 4500 | ||
|---|---|---|---|
| 008 | 060502s2005 ||||||||||||||||| || u | ||
| 020 | _a0821358863 | ||
| 050 | _aIBRD(06)OED/2005/7 | ||
| 110 | _aWorld Bank | ||
| 245 | 1 | 0 | _aPutting social development to work for the poor: an OED review of World Bank activities |
| 260 |
_aWashington, D.C.: _bWorld Bank _c2005 |
||
| 300 | _aXXi, 106p.: ill. | ||
| 350 | _a0.00 | ||
| 490 | _aWorld Bank Operations Evaluation Department (OED) | ||
| 650 | _aWORLD BANK--DEVELOPING COUNTRIES | ||
| 650 | 0 | _aECONOMIC ASSISTANCE | |
| 650 | _aPOVERTY REDUCTION--DEVELOPING COUNTRIES | ||
| 995 |
_D0.00 _FCBU-MAIN LIBRARY (Kitwe) _H1 _I0.00 _M1 _UAVAILABLE _WMay 2, 2006 _ZInternational Publications |
||
| 999 |
_c55370 _d55370 |
||